Przystanki autobusowe w Rybniku - Statystyki

Ogólne statystyki
  • Ten quiz został rozwiązany 123 razy
    21 od ostatniego zresetowania
  • Średni wynik to 109 z 203
Statystyki odpowiedzi
Dzielnica Przystanek % Poprawnych
Boguszowice Stare | Chwałęcice | Golejów | +7 others Szkoła
100%
Chwałęcice | Ligota Ligocka Kuźnia | Ochojec | Popielów Kościół
94%
Golejów | Orzepowice Rondo
94%
Śródmieście Bazylika
88%
Meksyk Park
88%
Śródmieście Plac Wolności
88%
Śródmieście 3 Maja
81%
Śródmieście Chrobrego
81%
Maroko Nowiny Dworzec Autobusowy
81%
Niewiadom | Paruszowiec Piaski | Śródmieście Dworzec Kolejowy
81%
Meksyk Kamyczek
81%
Boguszowice Osiedle | Chwałowice Kopalnia
81%
Chwałowice | Kamień | Zebrzydowice Las
81%
Chwałowice | Kłokocin | Rybnicka Kuźnia | Smolna Osiedle
81%
Boguszowice Osiedle | Chwałowice | Kłokocin Pętla
81%
Śródmieście Piasta
81%
Śródmieście Sąd
81%
Śródmieście Policja
75%
Północ Rondo Gliwickie
75%
Ligota Ligocka Kuźnia | Wielopole Wiadukt
75%
Ochojec Centrum
69%
Paruszowiec Piaski Huta Silesia
69%
Golejów | Ligota Ligocka Kuźnia | Stodoły Kaplica
69%
Niedobczyce | Północ Karolinka
69%
Smolna Reymonta
69%
Buzowice | Chwałęcice | Golejów | +4 others Skrzyżowanie
69%
Gotartowice Straż
69%
Popielów | Zamysłów Wodzisławska
69%
Maroko Nowiny Budowlanych
63%
Maroko Nowiny Chabrowa
63%
Rybnicka Kuźnia Chłodnie
63%
Smolna Franciszkanie
63%
Śródmieście Jankowicka
63%
Śródmieście Kampus
63%
Północ Kąpielisko Ruda
63%
Chwałęcice Pniowiec
63%
Śródmieście Politechnika
63%
Orzepowice Rudzka
63%
Niedobczyce Stadion
63%
Boguszowice Stare Strażacka
63%
Orzepowice Szpital Wojewódzki
63%
Północ Wyzwolenia
63%
Ligota Ligocka Kuźnia Żorska
63%
Rybnicka Kuźnia Boisko
56%
Śródmieście Dworek
56%
Rybnicka Kuźnia Elektrownia
56%
Północ Gliwicka Szpital
56%
Gotartowice Lotnisko
56%
Radziejów Okulickiego
56%
Boguszowice Osiedle Patriotów
56%
Maroko Nowiny Raciborska
56%
Boguszowice Stare Raszowiec
56%
Ligota Ligocka Kuźnia Rondo Boguszowickie
56%
Grabownia Sklep
56%
Gotartowice Sygnały
56%
Boguszowice Stare Sztolniowa
56%
Śródmieście Urszulanki
56%
Północ Wawok
56%
Popielów Żabik
56%
Maroko Nowiny | Zebrzydowice Zebrzydowicka
56%
Maroko Nowiny Żołędziowa
56%
Meksyk Budowlanka
50%
Śródmieście Jankowicka ZUS
50%
Boguszowice Stare Kłokocińska
50%
Smolna Kotucza
50%
Orzepowice Kuźnia
50%
Boguszowice Stare Małachowskiego
50%
Niedobczyce | Zamysłów Niedobczycka
50%
Niedobczyce Orlik
50%
Niedobczyce Paryż
50%
Chwałęcice | Stodoły Przystań
50%
Orzepowice Storczyków
50%
Zamysłów Wodociągi
50%
Boguszowice Stare Błękitna
44%
Paruszowiec Piaski Błonia
44%
Golejów Górka
44%
Boguszowice Osiedle Jastrzębska
44%
Chwałęcice Kierchówek
44%
Chwałowice Kolonia
44%
Popielów Konarskiego
44%
Chwałowice Królewiok
44%
Smolna Krzyżowa
44%
Paruszowiec Piaski Mikołowska
44%
Kamień Ośrodek Sportowy
44%
Boguszowice Stare Poczta
44%
Paruszowiec Piaski Przemysłowa
44%
Boguszowice Osiedle Rajska
44%
Śródmieście Reymonta ZUS
44%
Maroko Nowiny Rondo Mazamet
44%
Popielów Staffa
44%
Paruszowiec Piaski Stawowa
44%
Radziejów Świercze
44%
Meksyk Tkoczów
44%
Ligota Ligocka Kuźnia | Paruszowiec Piaski Wolna
44%
Rybnicka Kuźnia WORD
44%
Zamysłów Wrzosy
44%
Popielów Cmentarz
38%
Zamysłów Dolna
38%
Zamysłów Dolna Mostek
38%
Niedobczyce Garbocze
38%
Gotartowice Gotartowicka
38%
Zamysłów Gruntowa
38%
Niedobczyce Hałdy
38%
Meksyk Kolejowa
38%
Niewiadom Kopalnia Ignacy
38%
Wielopole Lipowa
38%
Rybnicka Kuźnia Maksymiliana
38%
Zebrzydowice Myto
38%
Zebrzydowice Przedmieście
38%
Boguszowice Stare Rejewskiego
38%
Smolna Rondo Wodzisławskie
38%
Kamień Rzędówka
38%
Chwałowice Śląska
38%
Radziejów Spółdzielcza
38%
Stodoły Stadnina
38%
Niedobczyce Wołodyjowskiego
38%
Gotartowice Zgodna
38%
Gotartowice Ziołowa
38%
Północ Żużlowa
38%
Maroko Nowiny Dąbrówki
31%
Niewiadom Frontowa
31%
Chwałęcice Goj
31%
Maroko Nowiny Graniczna
31%
Niedobczyce Janasa
31%
Północ Janiego
31%
Ligota Ligocka Kuźnia Jaśminowa
31%
Niewiadom Kol Beata
31%
Niewiadom Kol Helena
31%
Niedobczyce Kopalnia Rymer
31%
Maroko Nowiny Krakusa
31%
Chwałowice Kupiecka
31%
Chwałowice Malchera
31%
Kamień Pojdy
31%
Kłokocin Poligonowa
31%
Północ Rudzka Cmentarz
31%
Północ Strzelecka
31%
Kłokocin Urząd Celny
31%
Niedobczyce Wrębowa
31%
Maroko Nowiny Zielona
31%
Ligota Ligocka Kuźnia Boguszowicka
25%
Maroko Nowiny Brzozowa
25%
Niedobczyce Cegielnia
25%
Zamysłów Dolna Las
25%
Orzepowice Góreckiego
25%
Zebrzydowice Kasztanowa
25%
Maroko Nowiny Księżok
25%
Orzepowice Łączna
25%
Ochojec Młynek
25%
Zebrzydowice Norwida
25%
Grabownia Nowa Grabownia
25%
Niewiadom Racławicka
25%
Niewiadom Sportowa
25%
Kamień Szewczyka
25%
Niewiadom Buzowice
19%
Chwałowice Kożdoniów
19%
Niewiadom Morcinka
19%
Zamysłów Plebiscytowa
19%
Zamysłów Pod Lasem
19%
Grabownia Poloczka
19%
Kamień Robotnicza
19%
Gotartowice Rondo Sygnały
19%
Golejów Siedliska
19%
Popielów Worcella
19%
Rybnicka Kuźnia Chłodnie Pętla
13%
Grabownia Olszowiec
13%
Nie znaleziono quizów pasujących do podanych kryteriów
Rozkład punktacji
Procent ludzi z każdym wynikiem
Percentyl według liczby udzielonych odpowiedzi
Twoja historia wyników
Nie rozwiązałeś tego quizu od ostatniego zresetowania